书目信息 |
| 题名: |
交通土建软土地基工程手册
|
|
| 作者: | ;江苏宁沪高速公路公司 , 河海大学 主编 | |
| 分册: | ||
| 出版信息: | 北京 人民交通出版社 2001.04 |
|
| 页数: | 26,1334页 | |
| 开本: | 26cm | |
| 丛书名: | ||
| 单 册: | ||
| 中图分类: | U416.1-62 | |
| 科图分类: | ||
| 主题词: | 道路工程--Dao Lu Gong Cheng--软土地基--地基处理--手册 | |
| 电子资源: | ||
| ISBN: | 7-114-03863-1 | |
| 000 | 00913nam0 2200229 450 | |
| 001 | CAL 012001391902 | |
| 005 | 20060529095246.87 | |
| 010 | @a7-114-03863-1@b精装@dCNY 138.00 | |
| 099 | @aCAL 012001391902 | |
| 100 | @a20011015d2001 ekmy0chiy0120 ea | |
| 101 | 0 | @achi |
| 102 | @aCN@b110000 | |
| 200 | 1 | @a交通土建软土地基工程手册@Ajiao tong tu jian ruan tu di ji gong cheng shou ce@f江苏宁沪高速公路股份有限公司,河海大学主编 |
| 210 | @a北京@c人民交通出版社@d2001.04 | |
| 215 | @a26,1334页@c图@d26cm | |
| 330 | @a本手册共分四篇:软土地基处理的基本理论、地基处理技术及应用、专用程序、原型观测。重点介绍了软基处理的常用方法。 | |
| 606 | 0 | @a道路工程@ADao Lu Gong Cheng@x软土地基@x地基处理@j手册 |
| 690 | @aU416.1-62@v4 | |
| 711 | 02 | @a江苏宁沪高速公路公司@AJiangsu ning hu gao su gong lu gong si@4主编 |
| 711 | 02 | @a河海大学@AHe hai da xue@4主编 |
| 801 | 0 | @aCN@bNLC@c20060529 |
| 905 | @a10447@dU416.1-62@eJ391 | |
| 交通土建软土地基工程手册/江苏宁沪高速公路股份有限公司,河海大学主编.-北京:人民交通出版社,2001.04 |
| 26,1334页:图;26cm |
| ISBN 7-114-03863-1(精装):CNY 138.00 |
| 本手册共分四篇:软土地基处理的基本理论、地基处理技术及应用、专用程序、原型观测。重点介绍了软基处理的常用方法。 |
| ● |
| 相关链接 |
|
|
|
正题名:交通土建软土地基工程手册
索取号:U416.1-62/J391
 
预约/预借
| 序号 | 登录号 | 条形码 | 馆藏地/架位号 | 状态 | 备注 |
| 1 | 602947 | 206029475 | 自科库501/501自科库 53排2列2层/ [索取号:U416.1-62/J391] | 在馆 |